Investigación de mercados

Salvato in:
Dettagli Bibliografici
Autori principali: Miquel, Salvador (autor), Bigné Alcañiz, J. Enrique (Autore), Cuenca, Antonio C (Autore), Miquel, María José (Autore), Lévy Mangín, Jean-Pierre (Autore)
Natura: Libro
Lingua:spagnolo
Pubblicazione: Madrid McGraw-Hill 1997
Edizione:1a. ed
Soggetti:
Tags: Aggiungi Tag
Nessun Tag, puoi essere il primo ad aggiungerne!!

MARC

LEADER 00000cam a2200000 a 4500
001 UCP6132
003 CL-VaPUC
008 991008e19970000SP |||||||||||||||||spa|d
020 |a 8448107381 
082 0 4 |a 658.83  |b MIQ  |2 21 
100 |a Miquel, Salvador  |e autor  |9 454586 
700 0 |a Bigné Alcañiz, J. Enrique  |e author  |9 434997 
700 0 |a Cuenca, Antonio C  |e author  |9 434998 
700 0 |a Miquel, María José  |e author  |9 434999 
700 |a Lévy Mangín, Jean-Pierre  |e author  |9 499632 
245 1 0 |a Investigación de mercados 
250 |a 1a. ed 
300 |a 453 p 
942 |c BK 
945 |d 19991008 00:00:00  |a vberengu 
260 |a Madrid  |b McGraw-Hill  |c 1997 
650 0 |a Análisis de datos  |9 269871 
650 0 |a Investigación de mercado  |9 332310 
650 0 |a Investigación económica  |9 320830 
650 0 |a Ciencias sociales  |v Investigación  |9 307767 
650 0 |a Marketing  |9 259324 
583 |a last modification  |c 20170525 01:04:27  |k Rodrigo Vera 
999 |c 283749  |d 283747 
952 |0 0  |1 0  |4 0  |6 658_830000000000000_MIQ_1997  |7 0  |8 A  |9 327171  |a BIBENE  |b BIBENE  |d 2019-11-20  |i 3567524  |o 658.83 MIQ 1997  |p 3567524  |r 2025-01-15  |w 2019-11-20  |y BK  |k ICO 
952 |0 0  |1 0  |4 0  |6 658_830000000000000_MIQ_1997  |7 0  |8 A  |9 327172  |a BIBING  |b BIBING  |d 2019-11-20  |i 357167K  |o 658.83 MIQ 1997  |p 357167K  |r 2025-01-20  |w 2019-11-20  |y BK  |k TRA